Những phương pháp tiếp cận thanh niên hiện nay

Enregistré dans:
Détails bibliographiques
Auteur principal: Dương Tự Đam
Format: Livre
Langue:Undetermined
Publié: Hà Nội Thanh Niên 1999
Sujets:
Tags: Ajouter un tag
Pas de tags, Soyez le premier à ajouter un tag!
Thư viện lưu trữ: Trung tâm Học liệu Trường Đại học Cần Thơ
LEADER 00570nam a2200193Ia 4500
001 CTU_34232
008 210402s9999 xx 000 0 und d
020 |b 9.000đ 
082 |a 305.242 
082 |b Đ104 
100 |a Dương Tự Đam 
245 0 |a Những phương pháp tiếp cận thanh niên hiện nay 
245 0 |c Dương Tự Đam 
260 |a Hà Nội 
260 |b Thanh Niên 
260 |c 1999 
650 |a young adults,youth - vietnam 
904 |i Minh, 991129 
980 |a Trung tâm Học liệu Trường Đại học Cần Thơ